The development of economic doctrine: an introductory survey (Record no. 366758)

000 -LEADER
fixed length control field 00389cam a22001337a 4500
008 - FIXED-LENGTH DATA ELEMENTS--GENERAL INFORMATION
fixed length control field 180718b1934 xxu||||| |||| 00| 0 eng d
082 ## - DEWEY DECIMAL CLASSIFICATION NUMBER
Classification number T0 G791
100 ## - MAIN ENTRY--PERSONAL NAME
Personal name Gray, Alexander
245 ## - TITLE STATEMENT
Title The development of economic doctrine: an introductory survey
Statement of responsibility, etc. by Alexander Gray
260 ## - PUBLICATION, DISTRIBUTION, ETC.
Place of publication, distribution, etc. London
Name of publisher, distributor, etc. Longmans
Date of publication, distribution, etc. 1934
300 ## - PHYSICAL DESCRIPTION
Extent 384p.
500 ## - GENERAL NOTE
General note First pub.1931
650 ## - SUBJECT ADDED ENTRY--TOPICAL TERM
Topical term or geographic name entry element Economics - History
Holdings
Withdrawn status Lost status Damaged status Not for loan Permanent Location Current Location Date acquired Full call number Barcode Date last seen Price effective from Koha item type
        Indian Institute of Public Administration Indian Institute of Public Administration 2010-01-19 T0 G791 A287 2018-07-21 2018-07-21 A

Powered by Koha